| 000 | 01505nam a2200361 a 4500 | ||
|---|---|---|---|
| 001 | ebr10005063 | ||
| 003 | CaPaEBR | ||
| 006 | m u | ||
| 007 | cr cn||||||||| | ||
| 008 | 020415s2002 enk sb 001 0 eng | ||
| 015 | _aGBA2-26724 | ||
| 016 | 7 |
_a0521640989 _2Uk |
|
| 020 | _z0521640989 | ||
| 040 |
_aCaPaEBR _cCaPaEBR |
||
| 035 | _a(OCoLC)70738645 | ||
| 050 | 1 | 4 |
_aK3478 _b.B46 2002eb |
| 082 | 0 | 4 |
_a341.762 _221 |
| 100 | 1 | _aBenvenisti, Eyal. | |
| 245 | 1 | 0 |
_aSharing transboundary resources _h[electronic resource] : _binternational law and optimal resource use / _cEyal Benvenisti. |
| 260 |
_aCambridge : _bCambridge University Press, _c2002. |
||
| 300 | _axix, 276 p. | ||
| 490 | 1 | _aCambridge studies in international and comparative law | |
| 504 | _aIncludes bibliographical references and index. | ||
| 533 |
_aElectronic reproduction. _bPalo Alto, Calif. : _cebrary, _d2013. _nAvailable via World Wide Web. _nAccess may be limited to ebrary affiliated libraries. |
||
| 650 | 0 |
_aConservation of natural resources _xLaw and legislation. |
|
| 650 | 0 |
_aEcosystem management _xLaw and legislation. |
|
| 650 | 0 |
_aTransboundary pollution _xLaw and legislation. |
|
| 650 | 0 | _aEnvironmental law, International. | |
| 655 | 7 |
_aElectronic books. _2local |
|
| 710 | 2 | _aebrary, Inc. | |
| 830 | 0 | _aCambridge studies in international and comparative law. | |
| 856 | 4 | 0 |
_uhttp://site.ebrary.com/lib/rucke/Doc?id=10005063 _zAn electronic book accessible through the World Wide Web; click to view |
| 999 |
_c3285 _d3285 |
||